Investície do nehnuteľností verzus fondy
Realitné fondy ako pevná súčasť kolektívneho investovania. Investície do nehnuteľností ako ochrana proti iným investičným rizikám. Individuálne investovanie na realitnom trhu. Objektívne ocenenie nehnuteľností špecialistami. Realitné fondy v USA. Realitné indexy.
Enregistré dans:
| Auteur principal: | |
|---|---|
| Autres auteurs: | |
| Format: | Chapitre de livre |
| Langue: | slovaque |
| Sujets: | |
| Tags: |
Pas de tags, Soyez le premier à ajouter un tag!
|
MARC
| LEADER | 00000naa$a2200000$$$4500 | ||
|---|---|---|---|
| 001 | 0072549 | ||
| 005 | 20240502071846.9 | ||
| 041 | 0 | |a slo | |
| 044 | |a SK | ||
| 245 | 1 | 0 | |a Investície do nehnuteľností verzus fondy |c Božena Chovancová, Nilufar Kabilova |
| 520 | |a Realitné fondy ako pevná súčasť kolektívneho investovania. Investície do nehnuteľností ako ochrana proti iným investičným rizikám. Individuálne investovanie na realitnom trhu. Objektívne ocenenie nehnuteľností špecialistami. Realitné fondy v USA. Realitné indexy. | ||
| 610 | 2 | 0 | |a investície |
| 610 | 2 | 0 | |a nehnuteľnosti |
| 610 | 2 | 0 | |a oceňovanie |
| 610 | 2 | 0 | |a fondy realitné |
| 610 | 2 | 0 | |a trh kapitálový |
| 100 | 1 | |a Chovancová, Božena | |
| 700 | 1 | |a Kabilova, Nilufar | |